000 00335nam a2200145Ia 4500
008 210210b1924 xxu||||| |||| 00| 0 eng d
041 _aeng
082 _a821/209
100 _aDONNE (J)
245 _aPoems
260 _aLondon
_bOxford University Press
_c1924
650 _aPoems
690 _aEnglish Literature
906 _a011378
999 _c130053
_d130053